Текст томруулах:    
Taking sides (Бичлэгийн дугаар. 145529)
000 -УДИРДЛАГА
Удирдлага 00725nam a22002417a 4500
003 - ХЯНАЛТЫН ТОО ТОДОРХОЙЛОГЧ
Код MN-UlNUM
005 - БИЧИЛТ ХИЙСЭН ОГНОО
Тухайн бичилтийг бичсэн засварласан сүүлийн огноо 20251112171621.0
008 - ЕРӨНХИЙ МЭДЭЭЛЭЛ
Ерөнхий мэдээлэл 251112s1990 ctua b 001 0 eng
020 ## - ISBN
ISBN 0879678593
040 ## - БИЧЛЭГ ҮҮСГЭГЧ БАЙГУУЛЛАГА
Бичлэг үүсгэгч номын сангийн код МУИС-ийн номын сан
084 ## - ББК АНГИЛАЛ
Нэмэлт тусгалт Нэг сэдэвт бүтээл
ББК ангилал 65.01
Зохиогчийн гурван тэмдэгт T 16
Мэдлэгийн ялгаа 65 - Эдийн засаг
245 00 - ҮНДСЭН ГАРЧИГ
Номын нэр Taking sides
Бага гарчгийн мэдээ Clashing views on controversial economic issues
Оролцогчдын тухай мэдээ Edited by Thomas R. Swartz, Frank J. Bonello
250 ## - ДАХИН ХЭВЛЭЛТ
Дахин гаралтын дугаар 5th edition
260 ## - ГАРАЛТЫН МЭДЭЭ
Хэвлэгдсэн газар Guilford, CT
Хэвлэлийн газар Dushkin Pub. Group
Хэвлэгдсэн он 1990
300 ## - МАТЕРИАЛЫН ТОДОРХОЙЛОЛТ
хуудасны тоо xxvii, 350 p. :
Бусад тоон мэдээлэл ill. ;
Хэмжээ 24 cm
500 ## - Тайлбар
Дансны дугаар БС 3730
505 ## - Агуулгын тэмдэглэгээ
Агуулгын тэмдэглэгээ Includes bibliographical references and index.
546 ## - ХЭЛНИЙ ТУХАЙ МЭДЭЭ
Хэл Англи хэл дээр,
653 ## - Түлхүүр үг
Түлхүүр үг economic policy
653 ## - Түлхүүр үг
Түлхүүр үг united states
942 ## - ЭЛЕМЕНТИЙН ТӨРӨЛ
Зүйлийн төрөл Ном